000 00617cab a2200229 4500
001 WB3018-29
008 090401t1994 xxu||||| |||| 00| 0 eng d
035 _a(Sirsi) u47260
041 _aeng
245 _aHousing and urban research
260 _c1994
350 _a0
490 _aDoE News Release
_v(280) 6 May 1994, (6)
520 _aThe DOE is to undertake a £9 million housing and urban research programme for 1994-95.
650 _aCITY PRIDE
650 _aDOE
650 _aRESEARCH PROGRAMME
650 _aSINGLE REGENERATION BUDGET
690 _aHOUSING
942 _n0
948 _c04/03/1997
999 _c29809
_d29809